000 00290nam a22001337a 4500
008 170619b xxu||||| |||| 00| 0 eng d
020 _a9780312090791
041 _aeng
080 _a32
100 _a20
101 _aSHP
245 _aTHE POLITICS OF CHANGE
_cBARRY,C.B
942 _2udc
_cBK
999 _c18165
_d18165